Statistiques concernant Les meilleurs buteurs de l'histoire du Paris Saint-Germain

Cliquez ici pour prendre le quiz!

Statistiques générales

  • Ce quiz a été pris 192 fois
  • Le résultat moyen est 6 sur 10

Statistiques - réponses

ButsNationalitéJoueur% Correct
246FranceKylian Mbappé
100%
200UruguayEdinson Cavani
98%
156SuèdeZlatan Ibrahimović
98%
118BrésilNeymar
91%
109PortugalPauleta
82%
93ArgentineÁngel Di María
59%
85Bosnie-HerzégovineSafet Susic
27%
98AlgerieMustapha Dahleb
24%
100FranceDominique Rocheteau
20%
87République du CongoFrançois M'Pelé
8%

Distribution des résultats

Percentile par nombre de réponses

% des personnes avec chaque résultat

Votre développement - résultats

Vous n’avez pas pris ce quiz